Bouře ve sklenici : pravda vždy vypluje na povrch /

Uloženo v:
Hlavní autor: Mann, Catherine (Autor)
Další autoři: Čermáková, Daniela, 1981- (Autor)
Médium: Kniha
Jazyk:Czech
Vydáno: Praha : Fortuna Libri, [2026]
Vydání:První vydání
Témata:
Celkem bylo vypůjčeno:0x
Tagy:
Žádné tagy
LEADER 01490nam a2200421 i 4500
001 106691
003 CZ PrNK
005 20260701110650.0
007 ta
008 260611t20262026xr g 000 f cze
015 |a cnb003763731 
020 |a 9788075467195  |q (vázáno) 
040 |a ABG001  |b cze  |e rda 
041 1 |a cze  |h eng 
072 7 |a 821.111(73)-3  |x Americká próza  |2 Konspekt  |9 25 
080 |a 821.111(73)-31  |2 MRF 
080 |a (0:82-31)-055.2  |2 MRF 
100 1 |a Mann, Catherine  |7 xx0099860  |4 aut  |9 20780 
240 1 0 |a Lightning in a mason jar.  |l Česky 
245 1 0 |a Bouře ve sklenici :  |b pravda vždy vypluje na povrch /  |c Catherine Mann 
250 |a První vydání 
264 1 |a Praha :  |b Fortuna Libri,  |c [2026] 
264 4 |c ©2026 
300 |a 270 stran ;  |c 22 cm 
336 |a text  |b txt  |2 rdacontent 
337 |a bez média  |b n  |2 rdamedia 
338 |a svazek  |b nc  |2 rdacarrier 
500 |a Z angličtiny přeložila Daniela Čermáková 
655 7 |a americké romány  |7 fd131796  |2 czenas  |9 53403 
655 7 |a romány pro ženy  |7 fd187897  |2 czenas  |9 115 
655 9 |a American fiction  |2 eczenas 
655 9 |a women's novels  |2 eczenas 
700 1 |a Čermáková, Daniela,  |d 1981-  |7 xx0080624  |4 trl  |9 10637 
710 2 |a Fortuna Libri (nakladatelství)  |7 xx0068042  |4 pbl  |9 117311 
910 |a UOG502 
942 |2 ddc  |c KN 
999 |d 106691 
993 |0 0  |1 421180107416  |2 ddc  |4 0  |7 0  |9 100194  |b 0  |c 107416  |d 2026-07-01  |e 0  |f DOSP  |h 499.00  |i Koupě  |l DOSP  |r 2026-07-02  |t 6  |w 2026-07-01  |y KN  |z BELET  |n